Els Serveis a les empreses a la Regió Metropolitana de Barcelona / Centre d'Estudis i Planificació ; equip de treball: Ezequiel Baró ... [et al.] Ezequiel Baró ... [et al.]
ISBN:
84-7609-349-7
Publicado:
Barcelona :
Ajuntament de Barcelona : Diputació de Barcelona : Àrea Metropolitana de Barcelona, dl 1990
Descripción Física:
350 p. : amb map. ; 26 cm
Otros Autores:
Baró i Tomàs, Ezequiel
MARC
| LEADER | 00000nam a2200000Ia 4500 | ||
|---|---|---|---|
| 001 | 9608 | ||
| 008 | 160829s9999 xx 000 0 cat d | ||
| 020 | |a 84-7609-349-7 | ||
| 080 | |a M-1-224 | ||
| 100 | |a Centre d'Estudis de Planificació |9 35043 | ||
| 245 | |a Els Serveis a les empreses a la Regió Metropolitana de Barcelona / Centre d'Estudis i Planificació ; equip de treball: |b Ezequiel Baró ... [et al.] | ||
| 260 | |a Barcelona : |b Ajuntament de Barcelona : |b Diputació de Barcelona : |b Àrea Metropolitana de Barcelona, dl 1990 | ||
| 300 | |a 350 p. : |b amb map. ; |c 26 cm | ||
| 650 | |a Sector terciari |x Barcelona (Àrea metropolitana) |x Estadístiques |9 39287 | ||
| 700 | |a Baró i Tomàs, Ezequiel |9 2217 | ||
| 901 | |a Arxiu | ||
| 942 | |n 1 | ||
| 952 | |0 0 |1 0 |4 0 |6 M1224 |7 1 |9 48914 |a Arxiu |b Arxiu |d 2016-12-01 |l 0 |o M-1-224 |p 9608 |r 2016-12-01 00:00:00 |w 2016-12-01 |y ARXIU | ||
| 999 | |c 52749 |d 52749 | ||